000171780 001__ 171780
000171780 005__ 20260603114407.0
000171780 0248_ $$2sideral$$a149523
000171780 037__ $$aART-2016-149523
000171780 041__ $$aspa
000171780 100__ $$0(orcid)0000-0002-7716-0593$$aBandrés Oróñez, Luis Carlos$$uUniversidad de Zaragoza
000171780 245__ $$aLa cláusula de conciencia de los periodistas
000171780 260__ $$c2016
000171780 5203_ $$aTrata el presente trabajo del derecho a la cláusula de conciencia de los periodistas reconocido en el artículo 20.1.d) de la CE y desarrollado mediante la Ley Orgánica 2/1997, de 19 de junio. El Autor no sólo se detiene en la Ley Orgánica mencionada sino que aborda cuestiones tan importantes como qué debemos entender por periodista, extremo no resuelto definitivamente, o el interesante debate sobre las instancias de control de la deontología profesional.
000171780 540__ $$9info:eu-repo/semantics/closedAccess$$aAll rights reserved$$uhttp://www.europeana.eu/rights/rr-f/
000171780 655_4 $$ainfo:eu-repo/semantics/article$$vinfo:eu-repo/semantics/publishedVersion
000171780 7102_ $$14003$$2140$$aUniversidad de Zaragoza$$bDpto. Derecho de la Empresa$$cÁrea Derecho Trabajo y S.S.
000171780 773__ $$g8845 (2016), [13 pp.]$$pLey (Madr., 1980, Ed. d.)$$tLa Ley (Madrid. 1980. Ed. diaria)$$x1138-9907
000171780 8564_ $$s6088359$$uhttps://zaguan.unizar.es/record/171780/files/texto_completo.pdf$$yVersión publicada
000171780 8564_ $$s724112$$uhttps://zaguan.unizar.es/record/171780/files/texto_completo.jpg?subformat=icon$$xicon$$yVersión publicada
000171780 909CO $$ooai:zaguan.unizar.es:171780$$particulos$$pdriver
000171780 951__ $$a2026-06-03-11:05:13
000171780 980__ $$aARTICLE